=LDR 00000nam 2200000 4500 =001 001122 =005 20250713032645 =035 ##$$a 0010-0725001006 =007 ta =008 250713################a##########0#ind## =020 ##$$a 978-623-472-186-7 =082 ##$$a 398. 209 598 =084 ##$$a 398. 209 598 PRE l =100 #$$a Precieus, cherry =245 1#$$a Lili Berangkat Ke Sekolah /$c Cherry, Precieus =250 ##$$a Cetakan Pertama =260 ##$$a Jakarta Timur :$b Badan Pengembangan dan Pembinaan Bahasa,$c 2024 =300 ##$$a 12 hlm. : $b Ilus. ; $c 22,9 cm =650 #4$$a Cerita anak Indonesia-Terjemahan =650 #4$$a Literasi-Bahan Bacaan =990 ##$$a TBM202400669